Word Scramble - U.S. Cities - Statistics

General Stats
  • This quiz has been taken 19,836 times
    12,365 since last reset
  • The average score is 11 of 20
Answer Stats
State Population City % Correct
Pennsylvania 1,580,863 Philadelphia
95%
Hawaii 350,395 Honolulu
94%
Florida 385,430 Tampa
94%
Florida 463,347 Miami
93%
Georgia 486,290 Atlanta
91%
Alabama 199,518 Montgomery
90%
Texas 136,436 Waco
90%
Ohio 301,301 Cincinnati
89%
Colorado 704,621 Denver
89%
Indiana 863,002 Indianapolis
89%
Washington 128,458 Kent
89%
Arizona 1,626,078 Phoenix
89%
Illinois 2,716,450 Chicago
88%
Texas 1,341,075 Dallas
88%
Arizona 496,401 Mesa
88%
Massachusetts 685,094 Boston
87%
Ohio 879,170 Columbus
87%
New Mexico 558,545 Albuquerque
86%
Idaho 226,570 Boise
86%
New York 258,612 Buffalo
86%
Oregon 169,798 Salem
86%
Oklahoma 401,800 Tulsa
86%
Nebraska 284,736 Lincoln
85%
Tennessee 652,236 Memphis
85%
Alabama 210,710 Birmingham
84%
Texas 2,312,717 Houston
84%
Nevada 248,853 Reno
84%
Nebraska 466,893 Omaha
83%
Georgia 146,444 Savannah
83%
Kansas 126,587 Topeka
83%
Arizona 535,677 Tucson
83%
Florida 191,049 Tallahassee
82%
North Dakota 122,359 Fargo
81%
Minnesota 422,331 Minneapolis
81%
Wisconsin 595,351 Milwaukee
80%
Washington 724,745 Seattle
80%
Ohio 276,491 Toledo
80%
Georgia 197,166 Augusta
79%
Michigan 673,104 Detroit
79%
Mississippi 166,965 Jackson
79%
Kentucky 621,349 Louisville
79%
Kansas 390,591 Wichita
79%
Pennsylvania 302,407 Pittsburgh
78%
Texas 950,715 Austin
77%
Ohio 385,525 Cleveland
77%
Arizona 185,038 Tempe
77%
Florida 280,257 Orlando
76%
Oregon 168,916 Eugene
75%
California 527,438 Fresno
75%
New York 143,396 Syracuse
75%
Alaska 294,356 Anchorage
74%
Colorado 366,623 Aurora
73%
Ohio 140,371 Dayton
73%
Wisconsin 255,214 Madison
73%
Alabama 190,265 Mobile
73%
Florida 153,627 Hollywood
72%
Rhode Island 180,393 Providence
72%
Ohio 197,846 Akron
71%
Connecticut 123,400 Hartford
71%
Oregon 647,805 Portland
71%
Washington 217,108 Spokane
71%
Washington 213,418 Tacoma
71%
Montana 109,642 Billings
70%
North Carolina 165,904 Cary
70%
Tennessee 179,139 Chattanooga
70%
Kentucky 321,959 Lexington
70%
New Jersey 285,154 Newark
70%
Utah 117,335 Provo
70%
Illinois 200,965 Aurora
69%
Florida 892,062 Jacksonville
69%
Tennessee 667,560 Nashville
69%
North Carolina 464,758 Raleigh
69%
California 501,901 Sacramento
69%
Washington 175,673 Vancouver
69%
North Carolina 859,035 Charlotte
68%
North Carolina 267,743 Durham
68%
Louisiana 126,848 Lafayette
68%
Colorado 107,125 Boulder
67%
Illinois 114,868 Springfield
67%
South Carolina 133,114 Columbia
66%
Tennessee 187,347 Knoxville
66%
Virginia 227,032 Richmond
66%
Virginia 240,397 Chesapeake
65%
Virginia 244,703 Norfolk
65%
Michigan 116,986 Lansing
63%
Virginia 160,035 Alexandria
62%
California 122,324 Berkeley
62%
North Carolina 119,045 Wilmington
62%
Maryland 611,648 Baltimore
61%
Massachusetts 111,346 Lowell
61%
Georgia 125,691 Athens
60%
California 142,647 Pasadena
60%
Colorado 111,127 Pueblo
60%
Georgia 194,058 Columbus
59%
California 129,783 Concord
59%
Texas 253,888 Lubbock
59%
California 101,568 Vista
58%
South Carolina 134,875 Charleston
57%
Texas 286,143 Plano
56%
Texas 100,685 Allen
55%
Georgia 152,663 Macon
55%
Illinois 147,051 Rockford
55%
Massachusetts 154,758 Springfield
55%
California 277,453 Irvine
54%
Texas 240,373 Irving
54%
Washington 144,444 Bellevue
53%
Massachusetts 113,630 Cambridge
53%
California 327,728 Riverside
53%
Missouri 167,376 Springfield
53%
California 104,834 Burbank
52%
Texas 177,286 Frisco
52%
Texas 260,654 Laredo
52%
California 310,496 Stockton
52%
California 380,874 Bakersfield
51%
New York 208,046 Rochester
51%
California 425,195 Oakland
50%
Texas 199,826 Amarillo
49%
California 352,497 Anaheim
49%
Connecticut 146,579 Bridgeport
49%
North Carolina 209,889 Fayetteville
49%
Texas 153,520 Pasadena
48%
Alabama 100,287 Tuscaloosa
47%
New Hampshire 111,196 Manchester
46%
Illinois 112,883 Peoria
46%
Texas 104,991 Tyler
46%
New York 202,019 Yonkers
46%
Missouri 121,717 Columbia
45%
Louisiana 192,036 Shreveport
45%
Massachusetts 185,677 Worcester
45%
Texas 143,949 Mesquite
44%
Texas 116,861 Odessa
44%
California 152,939 Pomona
44%
Michigan 135,022 Warren
44%
Nevada 100,888 Sparks
43%
Iowa 102,320 Davenport
42%
Texas 136,268 Denton
42%
Arizona 246,709 Glendale
42%
North Carolina 290,222 Greensboro
42%
California 214,221 Modesto
42%
Illinois 148,462 Joliet
41%
Oklahoma 122,843 Norman
40%
California 175,841 Ontario
40%
Minnesota 115,733 Rochester
40%
Alabama 194,585 Huntsville
39%
Connecticut 130,824 Stamford
39%
California 110,790 Ventura
39%
California 167,836 Corona
38%
Washington 110,079 Everett
38%
Virginia 134,669 Hampton
38%
Nevada 302,539 Henderson
38%
Florida 239,673 Hialeah
38%
Florida 108,054 Lakeland
38%
Texas 396,394 Arlington
37%
Arizona 253,458 Chandler
37%
Missouri 117,306 Independence
37%
New Jersey 130,215 Elizabeth
36%
California 210,037 Oxnard
35%
Arizona 249,950 Scottsdale
34%
California 115,330 Carlsbad
33%
Tennessee 153,205 Clarksville
33%
Florida 115,513 Clearwater
33%
Florida 105,149 Davie
33%
California 211,815 Fontana
33%
Arizona 242,354 Gilbert
33%
Texas 136,089 Midland
33%
Arizona 168,181 Peoria
33%
California 109,691 Clovis
32%
California 113,092 Downey
32%
Texas 238,002 Garland
32%
Texas 121,885 Abilene
31%
California 234,962 Fremont
31%
California 203,054 Glendale
31%
Texas 181,330 McKinney
31%
California 122,105 Vallejo
31%
Illinois 112,456 Elgin
30%
Colorado 136,978 Thornton
30%
Colorado 118,807 Arvada
29%
Indiana 118,930 Evansville
29%
Michigan 100,712 Clinton
28%
New Jersey 102,450 Edison
28%
California 140,560 Orange
28%
Connecticut 108,629 Waterbury
28%
Texas 145,482 Killeen
27%
Colorado 154,958 Lakewood
27%
Texas 106,021 Lewisville
26%
Illinois 147,682 Naperville
26%
Pennsylvania 121,283 Allentown
25%
Texas 183,299 Brownsville
25%
New Jersey 101,965 Woodbridge
25%
Florida 132,249 Gainesville
24%
Florida 140,328 Miramar
24%
Tennessee 136,372 Murfreesboro
24%
California 157,519 Palmdale
24%
California 157,596 Salinas
24%
California 160,500 Hayward
23%
Texas 142,696 McAllen
23%
California 110,040 Richmond
23%
Colorado 112,812 Westminster
23%
Texas 119,114 Beaumont
22%
New Jersey 148,678 Paterson
22%
California 114,327 Temecula
22%
Colorado 110,250 Centennial
21%
California 116,266 Fairfield
20%
Colorado 105,448 Greeley
20%
Oregon 106,894 Hillsboro
20%
New Jersey 102,682 Lakewood
20%
Washington 101,379 Renton
19%
Arizona 134,085 Surprise
19%
Oregon 111,053 Gresham
17%
California 122,441 Victorville
16%
California 110,598 Inglewood
15%
California 111,674 Antioch
14%
California 103,562 Rialto
14%
California 151,969 Escondido
13%
California 106,084 Norwalk
13%
California 133,010 Visalia
13%
California 140,392 Fullerton
12%
California 135,329 Roseville
12%
California 153,656 Sunnyvale
12%
Kansas 137,472 Olathe
11%
Texas 116,783 Richardson
11%
Texas 119,940 Pearland
9%
California 160,316 Lancaster
8%
Texas 135,710 Carrollton
6%
California 113,326 Murrieta
5%
California 176,193 Oceanside
5%
California 146,758 Torrance
5%
No matching quizzes found
Score Distribution
Percent of People with Each Score
Percentile by Number Answered
Your Score History
You have not taken this quiz since the last reset